000
00316nam a22001337a 4500
999
_c
13740
_d
13740
020
_a
9781352004021
082
_a
658.3
100
_a
Ronan Carbery ; Christine Cross
245
_a
Human Resource Management
250
_a
2nd edition
260
_a
UK
_b
Red Globe Press
_c
2019
300
_a
xl, 329 pages
942
_c
BK